000 00799nam a2200265 a 4500
001 BRL_546
005 20190320210808.0
008 020913s1985----mx-a######---#000-0#spa-#
020 _a9681618319
041 _aspa
044 _amx
050 4 _aF1219.3.R38
_b.P5 1985
100 1 _aPiña Chan, Román
_9819
245 1 0 _aQuetzalcóatl
_bSerpiente Emplumada
_cRomán Piña Chan.
260 _aMéxico
_bFondo de Cultura Económica
_c1985
300 _a73 p., [40] p. de laminas
_bil.
_c21 cm.
440 0 _aLecturas mexicanas
_v69
_924260
500 _aAu581
504 _aBibliografía: p. 71-72
650 1 4 _aQuetzalcóatl (Dios azteca)
_923872
650 1 4 _aIndígenas de México
_xReligión
_95291
650 1 4 _aIndígenas de México
_xPsicología
_923873
902 _aGRL
942 _2lcc
_cB
999 _c9358
_d9358